| 000 | 00540nam a22001817a 4500 | ||
|---|---|---|---|
| 005 | 20251208130019.0 | ||
| 010 | _aENG-147286 | ||
| 020 |
_a9789352102808 _c370.00 |
||
| 035 | _aEN-130818 | ||
| 037 | _bDBAD | ||
| 082 |
_a181.45 _21 |
||
| 245 | _aThe Mother New Words of the Mother/ | ||
| 260 |
_bSri Aurobindo Ashram _aPondicherry _c2024 |
||
| 270 |
_bPondicherry _e605002 |
||
| 300 |
_a532p. _c22cm(pb) |
||
| 500 | _aSupplement to Volumes 12-15 of the Collected Works of the Mother | ||
| 942 |
_2ddc _cEN _h181.45 _mMOT |
||
| 999 |
_c213873 _d213873 |
||